[Event "Bloemfontein-ch op"]
[Site "Bloemfontein"]
[Date "2018.07.11"]
[Round "7"]
[White "Mofokeng, Rasweu Samson"]
[Black "Mahlangu, Sipho"]
[Result "1/2-1/2"]
[WhiteElo "1690"]
[BlackElo "1679"]
[PlyCount "22"]
[EventDate "2018.07.07"]
[EventType "swiss"]
[EventRounds "11"]
[EventCountry "RSA"]
[SourceTitle "EXT 2019"]
[Source "ChessBase"]
[SourceDate "2018.10.10"]
[SourceVersion "1"]
[SourceVersionDate "2018.10.10"]
[SourceQuality "1"]

1. d4 d5 2. Bf4 Bf5 3. e3 e6 4. Nf3 Nf6 5. Bd3 Bxd3 6. Qxd3 Bd6 7. Bxd6 Qxd6 8. 0-0 0-0 9. Nc3 c6 10. Ne5 Nbd7 11. Nxd7 Qxd7 1/2-1/2

[Event "Bloemfontein-ch op"]
[Site "Bloemfontein"]
[Date "2018.07.10"]
[Round "6"]
[White "Odendaal, Frederick"]
[Black "Mofokeng, Rasweu Samson"]
[Result "1/2-1/2"]
[WhiteElo "2021"]
[BlackElo "1690"]
[PlyCount "102"]
[EventDate "2018.07.07"]
[EventType "swiss"]
[EventRounds "11"]
[EventCountry "RSA"]
[SourceTitle "EXT 2019"]
[Source "ChessBase"]
[SourceDate "2018.10.10"]
[SourceVersion "1"]
[SourceVersionDate "2018.10.10"]
[SourceQuality "1"]

1. d4 Nf6 2. Nc3 e6 3. Nf3 d5 4. Bg5 Be7 5. Bxf6 Bxf6 6. e4 dxe4 7. Nxe4 Be7 8. Bd3 Nd7 9. Qe2 c6 10. 0-0 0-0 11. Rad1 f5 12. Ng3 Nb6 13. c4 Bf6 14. Bc2 g6 15. b3 Qc7 16. Rfe1 Bd7 17. a4 Rae8 18. Qd2 Bc8 19. Qa5 a6 20. Ne5 Rd8 21. f4 Rfe8 22. Ne2 Be7 23. c5 Nd5 24. Qxc7 Nxc7 25. Kf2 Nd5 26. Kf3 Kg7 27. g3 h6 28. h4 g5 29. hxg5 hxg5 30. Nc4 g4+ 31. Kf2 Rh8 32. Rh1 Bd7 33. Kg2 Bf6 34. Rxh8 Rxh8 35. Rh1 Rb8 36. a5 Bd8 37. Kf2 Be8 38. Ke1 Bf7 39. Kd2 Bc7 40. Bd1 Rd8 41. Kd3 Bg6 42. Kc2 Nf6 43. Kd2 Ne4+ 44. Ke3 Rd5 45. b4 Rd8 46. Bb3 Bf7 47. Nd2 Nf6 48. Nc3 Nh5 49. Ne2 Nf6 50. Nc3 Nh5 51. Ne2 Nf6 1/2-1/2